000
00313nam a2200157Ia 4500
100
_a
Joy/Mike/ Jarvis/A
650
_a
unix
942
_c
BK
366
_f
20
245
_a
Introducing UNIX and LINUX
260
_b
Palgrave
_c
2002
082
_a
5.133
_b
JOY
300
_a
306
546
_a
ENGLISH
999
_c
32333
_d
32333